|
|
|
|
| LEADER |
00000nas a2200000 a 4500 |
| 001 |
ssj0013952 |
| 003 |
WaSeSS |
| 005 |
20200512172242.0 |
| 006 |
m d |
| 007 |
cr n |
| 008 |
951130d199u2004nyubr p s 0 a0eng c |
| 010 |
|
|
|a 96642127
|z sn 95000972
|
| 022 |
|
|
|l 1086-3753
|y 1086-3753
|
| 035 |
|
|
|a (WaSeSS)ssj0013952
|
| 040 |
|
|
|a VXG
|b eng
|c VXG
|d NSD
|d DLC
|d OCLCQ
|d NYP
|d OCLCQ
|d CUS
|d OCLCQ
|d OCLCF
|d OCLCO
|d OCLCQ
|d WaSeSS
|
| 042 |
|
|
|a nsdp
|a pcc
|
| 043 |
|
|
|a n-us---
|
| 050 |
0 |
0 |
|a SB450.9
|b .C69
|
| 082 |
0 |
0 |
|a 635/.05
|2 20
|
| 210 |
0 |
|
|a Ctry. living gard.
|
| 222 |
|
0 |
|a Country living gardener
|
| 245 |
0 |
0 |
|a Country living gardener
|h [electronic resource].
|
| 246 |
3 |
0 |
|a Gardener
|
| 260 |
|
|
|a New York, N.Y. :
|b Hearst Corp.
|
| 310 |
|
|
|a Bimonthly
|
| 362 |
1 |
|
|a Ceased with 2004?
|
| 500 |
|
|
|a Name of publisher as: Hearst Communications, <Dec. 2001->
|
| 506 |
|
|
|a License restrictions may limit access.
|
| 588 |
|
|
|a Description based on: Vol. 3, no. 4 (winter 1995); title from cover.
|
| 588 |
|
|
|a Latest issue consulted: Vol. 11, no. 5 (Sept./Oct. 2003).
|
| 650 |
|
0 |
|a Gardening
|v Periodicals.
|
| 650 |
|
0 |
|a Landscape gardening
|v Periodicals.
|
| 650 |
|
0 |
|a Country life
|v Periodicals.
|
| 650 |
|
0 |
|a Nature craft
|v Periodicals.
|
| 650 |
|
0 |
|a Gardening
|z United States
|v Periodicals.
|
| 650 |
|
0 |
|a Landscape gardening
|z United States
|v Periodicals.
|
| 650 |
|
0 |
|a Country life
|z United States
|v Periodicals.
|
| 650 |
|
0 |
|a Nature craft
|z United States
|v Periodicals.
|
| 650 |
|
7 |
|a Country life.
|2 fast
|0 (OCoLC)fst00881405
|
| 650 |
|
7 |
|a Gardening.
|2 fast
|0 (OCoLC)fst00937852
|
| 650 |
|
7 |
|a Landscape gardening.
|2 fast
|0 (OCoLC)fst00991916
|
| 650 |
|
7 |
|a Nature craft.
|2 fast
|0 (OCoLC)fst01034674
|
| 651 |
|
7 |
|a United States.
|2 fast
|0 (OCoLC)fst01204155
|
| 655 |
|
0 |
|a Electronic journals.
|
| 850 |
|
|
|a DLC
|
| 856 |
4 |
0 |
|z Full text available from Research Library: 12/01/2003 to 07/31/2006
|u https://search.proquest.com/publication/40216
|